000 00475nam a2200145Ia 4500
041 _aArabic
082 _a321,02 cut-225 و
100 _a20260118u\\\\\\\\\\\y0engy0103\\\\ba
100 _aالمعهد الديمقراطي الوطني
245 0 _aحوارات حول توزيع السلطات والمسؤوليات في الدول الفدرالية
250 _aط1
260 _bمنتدى الاتحدادات الفدرالية
300 _a15
942 _cBk
999 _c187979
_d187979